000 00480nam a2200181Ia 4500
005 20250508163037.0
008 008 250505s9999 xx 000 0 eng d
037 _aTextual
040 _aFEDL
_beng
_cFEDL
041 _aeng
_2eng
084 _a300.7, AGG
_qFEDL
100 _aAggarwal J. C.
245 0 _aTeaching of social studies
300 _a268p
650 _aSocial Science - Teaching
_9756799
942 _cTEXL
_h300.7, AGG
999 _c1380464
_d1380464